Lược sử Đông Nam Á /

Spremljeno u:
Bibliografski detalji
Glavni autor: Phan Ngọc Liên.
Daljnji autori: Đinh Ngọc Bảo, Nghiêm Đình Vỳ
Format: Sách giấy
Jezik:Vietnamese
Izdano: Hà Nội : Giáo dục , 1997
Teme:
Oznake: Dodaj oznaku
Bez oznaka, Budi prvi tko označuje ovaj zapis!
Thư viện lưu trữ: Thư viện Trường Đại học Đà Lạt
LEADER 00684nam a2200265 4500
001 DLU020010703
005 ##19990212
041 # # |a vie 
082 # # |a 959  |b Luo 
100 # # |a Phan Ngọc Liên. 
245 # # |a Lược sử Đông Nam Á /  |c Phan Ngọc Liên, Nghiêm Đình Vỳ, Đinh Ngọc Bảo. 
260 # # |a Hà Nội :  |b Giáo dục ,  |c 1997 
300 # # |a 188 tr.;   |c 21 cm. 
651 # # |a Đông Nam Á  |x Lịch sử. 
700 # # |a Đinh Ngọc Bảo 
700 # # |a Nghiêm Đình Vỳ 
992 # # |a 13600 
994 # # |a DLU 
900 # # |a False 
911 # # |a Administrator 
925 # # |a G 
926 # # |a A 
927 # # |a SH 
980 # # |a Thư viện Trường Đại học Đà Lạt